00275nam a22001097a 4500020001500000040000900015082001600024100002000040245003200060260004100092650003200133 a0333608895 cNUST a808.84bKIT aPeter J. Kitson aColeridge Keats and Shelley aLondon:bMacmillan Press LTD,c1996. 2Coleridge Keats and Shelley